| 000 | 008240000a22002290004500 | ||
|---|---|---|---|
| 090 |
_aAR _b03110 |
||
| 245 | 1 | 0 | _aRevisión del género Streptostachys (<Poaceae-Panicoideae>), su posición sistemática dentro de la tribu Paniceae |
| 650 | 1 | 4 |
_aBotánica _9361 |
| 650 | 1 | 4 |
_aVegetación _992799 |
| 650 | 1 | 4 |
_aSistemática vegetal _95234 |
| 650 | 1 | 4 |
_aTaxonomía vegetal _992262 |
| 650 | 1 | 4 |
_aMorfología vegetal _918295 |
| 650 | 1 | 4 |
_aAnatomía _995070 |
| 653 |
_gStreptostachis _eStreptostachis asperifolia |
||
| 653 |
_gStreptostachis _eStreptostachis macrantha |
||
| 653 |
_gStreptostachis _eStreptostachis acuminata |
||
| 041 | 0 | _aEspañol | |
| 700 | 1 |
_aZuloaga, Fernando _996717 |
|
| 100 | 1 |
_aMorrone, Osvaldo _996718 |
|
| 942 | _cARTICULO | ||
| 773 | 1 |
_tAnnals of the Missouri Botanical Garden _3157 _q359-376 _d1991 _g78 |
|
| 999 |
_c12165 _d12165 |
||